Introduction To Population Based Medical Epidemiology: (Record no. 759791)

MARC details
000 -LEADER
fixed length control field 00403nam a2200133 4500
020 ## - INTERNATIONAL STANDARD BOOK NUMBER
ISBN 9798886260687
082 ## - DEWEY DECIMAL CLASSIFICATION NUMBER
Classification number 362.107
Item number WIL
100 ## - MAIN ENTRY--AUTHOR NAME
Personal name Wilson, Donna
245 ## - TITLE STATEMENT
Title Introduction To Population Based Medical Epidemiology:
Statement of responsibility, etc Donna Wilson
260 ## - PUBLICATION, DISTRIBUTION, ETC. (IMPRINT)
Place of publication Wilmington:
Name of publisher Springer Med Press,
Year of publication 2026
650 ## - SUBJECT ADDED ENTRY--TOPICAL TERM
Topical Term Medical Epidemiology; Population
942 ## - ADDED ENTRY ELEMENTS (KOHA)
Source of classification or shelving scheme Dewey Decimal Classification
Koha item type Book
Holdings
Withdrawn status Lost status Source of classification or shelving scheme Damaged status Not for loan Home Library Current Location Date acquired Full call number Accession Number Price effective from Koha item type
    Dewey Decimal Classification     Dept. of Demography Dept. of Demography 22/05/2026 362.107 WIL/I DEM7940 22/05/2026 Book